000 00714nam a2200229 a 4500
001 000024614
005 20200930023252.0
008 110201s2000 sp a r 000 0 spa d
040 _aDO-SdBNP
_bspa
_cBNPHU
082 _a641.872
_bP446l
100 1 _aPeris, Alfredo
_950473
245 1 0 _aEl libro del vino :
_bguía de los vinos de España /
_cAlfredo Peris, Joan Masats.
260 _a[Barcelona, España] :
_bEdiciones Primera Plana,
_c2000.
300 _a96 p. :
_bil. ;
_c27 cm.
490 1 _aLas cosas de casa
_v4
650 4 _aVinos
_948216
650 4 _aVinos
_zEspaña
_950474
650 4 _aVinicultura
_91899
700 1 _aMasats, Joan.
_950475
830 0 _aLas cosas de casa
_v4
_950476
049 _aBNGR
999 _c24107
_d24107